000 00446nam a2200145Ia 4500
003 OSt
005 20260129141818.0
008 211028s2018 xx 000 0 und d
040 _cAIMIT LIBRARY
041 _aeng
100 _aPereira, Nicole Virgilia;James, Justine.
_g1616123
_97878
245 _aStudy on employee welfare measures with special reference to VISL Bhadravathi /
260 _aMangalore
_bJustine James.
_c2018
942 _2ddc
_cPRO
999 _c219446
_d219446